000
00316nam a22001337a 4500
008
171222b xxu||||| |||| 00| 0 eng d
020
_a
9780781746434
041
_a
eng
080
_2
6th
_a
616
100
_a
9
101
_a
PAT
245
_a
PATHOPHYSIOLOGY& MANAGEMENT OF THE NEWBORN
_c
DONALD,M.G
942
_2
udc
_c
BK
999
_c
39323
_d
39323